000 00748nam a2200121Ia 4500
008 220615s9999||||xx |||||||||||||| ||und||
100 _aDanisi, Carmelo||Dustin, Moira||Ferreira, Nuno||Held, Nina
245 0 _aQueering Asylum in Europe
_bLegal and Social Experiences of Seeking International Protection on grounds of Sexual Orientation and Gender Identity
546 _aEnglish[eng]
650 _aOpen access||Sexual orientation or gender identity (SOGI)||European asylum systems||Homophobia and transphobia||SOGI-related asylum claims||Human rights violations||Law, policy and practice||Migration and integration||Refugees||Sexual diversity
856 _uhttps://library.oapen.org/bitstream/20.500.12657/50709/1/978-3-030-69441-8.pdf
942 _cEB
999 _c15429
_d15429